Logo BPK

Biblioteka

Politechniki Koszalińskiej

Correlations of soil properties / (Rekord nr 29641)

Szczegóły MARC
000 -ETYKIETA REKORDU
podpole kontrolne o stałej długości 00466nam a2200181 i 4500
001 - NUMER KONTROLNY REKORDU
pole kontrolne bg
020 ## - MIĘDZYNARODOWY ZNORMALIZOWANY NUMER KSIĄŻKI - ISBN
ISBN 0727303171
040 ## - ŹRÓDŁO KATALOGOWANIA
Instytucja, która utworzyła rekord BPK
041 ## - KOD JĘZYKA
Kod języka tekstu pol
080 ## - UNIWERSALNA KLASYFIKACJA DZIESIĘTNA - UKD
UKD 624.131.2/.6:631.4
920 ## - Międzynarodowy znormalizowany numer książki – ISBN
ISBN 0-7273-0317-1
008 - POLE O STAŁEJ DŁUGOŚCI - DANE KONTROLNE
podpole kontrolne o stałej długości s pl f |000 0 pol
100 1# - NAZWA OSOBOWA
Nazwa osobowa CARTER, Michael
245 #0 - TYTUŁ/ODPOWIEDZIALNOŚĆ
Tytuł Correlations of soil properties /
Pozostałe elementy strefy tytułu i oznaczenia odpowiedzialności M. Carter, S.P. Bentley.
260 ## - STREFA ADRESU WYDAWNICZEGO
Miejsce wydania London :
Nazwa wydawcy/dystrybutora Pentech Press,
Data publikacji, dystrybucji/powstania dokumentu 1991.
700 1# - HASŁO DODATKOWE - NAZWA OSOBOWA
Nazwa osobowa BENTLEY, Stephen P.
856 ## - LOKALIZACJA I DOSTĘP DO ELEKTRONICZNYCH DOKUMENTÓW ZDALNYCH
Link (URL) http://koha.tu.koszalin.pl/cgi-bin/koha/opac-detail.pl?biblionumber=29641
Tekst linku Katalog online BPK
942 ## - DODATKOWE ELEMENTY (KOHA)
Typ dokumentu Książka
Egzemplarze
Wycofany Status egzemplarza Uszkodzony Dostępność Lokalizacja stała Lokalizacja bieżąca Miejsce przechowywania Sygnatura Kod kreskowy Typ dokumentu
      Dostępny Biblioteka Politechniki Koszalińskiej Biblioteka Politechniki Koszalińskiej Wypożyczalnia BG 35876 01926637 Książka
© 2023 Biblioteka Politechniki Koszalińskiej :: KOHA